<?xml version="1.0" encoding="UTF-8"?>
<record
    xmlns:xsi="http://www.w3.org/2001/XMLSchema-instance"
    xsi:schemaLocation="http://www.loc.gov/MARC21/slim http://www.loc.gov/standards/marcxml/schema/MARC21slim.xsd"
    xmlns="http://www.loc.gov/MARC21/slim">

  <leader>00926nam a22002177a 4500</leader>
  <controlfield tag="003">St Aloysius Coll</controlfield>
  <controlfield tag="005">20260223112859.0</controlfield>
  <controlfield tag="008">260221b        |||||||| |||| 00| 0 eng d</controlfield>
  <datafield tag="020" ind1=" " ind2=" ">
    <subfield code="a">9780340894613</subfield>
  </datafield>
  <datafield tag="040" ind1=" " ind2=" ">
    <subfield code="c">AL</subfield>
  </datafield>
  <datafield tag="041" ind1=" " ind2=" ">
    <subfield code="a">English</subfield>
  </datafield>
  <datafield tag="082" ind1=" " ind2=" ">
    <subfield code="b">BLYF</subfield>
    <subfield code="a">823.912</subfield>
  </datafield>
  <datafield tag="100" ind1=" " ind2=" ">
    <subfield code="a">Enid Blyton</subfield>
    <subfield code="9">256379</subfield>
  </datafield>
  <datafield tag="245" ind1=" " ind2=" ">
    <subfield code="a">Five get into trouble</subfield>
  </datafield>
  <datafield tag="260" ind1=" " ind2=" ">
    <subfield code="a">London</subfield>
    <subfield code="b">Hodder Childrens Books</subfield>
    <subfield code="c">2015</subfield>
  </datafield>
  <datafield tag="300" ind1=" " ind2=" ">
    <subfield code="a">162p.</subfield>
    <subfield code="b">PB</subfield>
    <subfield code="c">17.9x10.7cm</subfield>
  </datafield>
  <datafield tag="365" ind1=" " ind2=" ">
    <subfield code="2">General</subfield>
    <subfield code="a">6073</subfield>
    <subfield code="b">&#x20B9;159.00</subfield>
    <subfield code="c">&#x20B9;</subfield>
    <subfield code="d">&#x20B9;199.00</subfield>
    <subfield code="e">20%</subfield>
    <subfield code="f">17/02/2026</subfield>
  </datafield>
  <datafield tag="520" ind1=" " ind2=" ">
    <subfield code="a">The Famous Five are distraught! Dick has been kidnapped - mistaken for somebody else! The gang finally track him down - to a lonely, abandoned house - but then they too are seized and held captive! Now that all of them are miles from home, and from help, how will the intrepid Five get themselves out of this mess . . ?</subfield>
  </datafield>
  <datafield tag="650" ind1=" " ind2=" ">
    <subfield code="2">Literature</subfield>
    <subfield code="a">English Literature</subfield>
    <subfield code="9">256429</subfield>
  </datafield>
  <datafield tag="942" ind1=" " ind2=" ">
    <subfield code="2">ddc</subfield>
    <subfield code="c">BK</subfield>
  </datafield>
  <datafield tag="999" ind1=" " ind2=" ">
    <subfield code="c">240939</subfield>
    <subfield code="d">240939</subfield>
  </datafield>
  <datafield tag="952" ind1=" " ind2=" ">
    <subfield code="0">0</subfield>
    <subfield code="1">0</subfield>
    <subfield code="2">ddc</subfield>
    <subfield code="4">0</subfield>
    <subfield code="7">0</subfield>
    <subfield code="8">MAENG</subfield>
    <subfield code="a">SACPG</subfield>
    <subfield code="b">SACPG</subfield>
    <subfield code="d">2026-02-20</subfield>
    <subfield code="e">Biblios Book Point</subfield>
    <subfield code="g">159.00</subfield>
    <subfield code="l">0</subfield>
    <subfield code="o">823.912 BLYF</subfield>
    <subfield code="p">PG025198</subfield>
    <subfield code="r">2026-02-21 14:03:12</subfield>
    <subfield code="v">199.00</subfield>
    <subfield code="w">0000-00-00</subfield>
    <subfield code="y">BK</subfield>
  </datafield>
</record>
